| 000 | 00698cam a2200253 4500 | ||
|---|---|---|---|
| 008 | 090401t1992 xxu||||| |||| 00| 0 eng d | ||
| 020 | _a0632020784 | ||
| 035 | _a(Sirsi) u36138 | ||
| 041 | _aeng | ||
| 050 | _a346.41032 | ||
| 100 | _aHolyoak, Jon | ||
| 245 | _aNegligence in building law: cases and commentary | ||
| 260 |
_aOxford _bBlackwell Scientific Publications _c1992 |
||
| 300 | _avii, 322p. ; 24cm. | ||
| 350 | _a21 | ||
| 650 | _aBUILT ENVIRONMENT-BUILDING CONTRACT FORMS | ||
| 650 | _aDAMAGES | ||
| 650 | _aDUTY OF CARE | ||
| 650 | _aNEGLIGENCE | ||
| 650 | _aPROFESSIONAL NEGLIGENCE | ||
| 690 | _aBUILDING AND CONSTRUCTION-CASE LAW | ||
| 942 | _n0 | ||
| 948 | _c04/03/1997 | ||
| 999 |
_c90187 _d90187 |
||